| 000 | 00594nmm a2200169Ia 4500 | ||
|---|---|---|---|
| 008 | 251105s9999||||xx |||||||||||||||||und|| | ||
| 020 | _a9786287566866 | ||
| 041 | _aspa | ||
| 100 | _aRivas Lara, César E. | ||
| 245 | 0 | _aTres grandes afrocolombianos: Rogerio Velásquez Murillo, Arnoldo Palacios Mosquera, Miguel A. Caicedo Mena | |
| 264 |
_a[Bogotá, Colombia] : _bUniversidad del Valle, _c2022 |
||
| 300 | _a258 páginas | ||
| 490 | _aBiblioteca Afrocolombiana de las Ciencias Sociales | ||
| 650 | _aBiography | ||
| 856 | _uhttps://public.digitaliapublishing.com/a/128212 | ||
| 942 | _cCF | ||
| 999 |
_c76073 _d76073 |
||